| 000 | 00527nam a2200193Ia 4500 | ||
|---|---|---|---|
| 003 | GCL | ||
| 008 | 140319s9999 xx 000 0 eng d | ||
| 040 |
_aGCL / _cGCL |
||
| 082 | 0 | 4 |
_a547 _bF V |
| 100 | 1 | _aHANNAFORD, ANTONY J. | |
| 245 | 1 | 0 |
_aVOGEL'S TEXTBOOK OF PRACTICAL ORGANIC CHEMISTRY, 5TH ED. / _cHANNAFORD, ANTONY J. |
| 700 | 1 | _aSMITH, PETER W.G. | |
| 700 | 1 | _aFURNISS, BRIAN S | |
| 260 |
_a[S.N] : _bELBS ، _c1989 |
||
| 300 | _a1514 P | ||
| 650 | 0 | 4 | _aCHEMISTRY |
| 650 | 0 | 4 | _aORGANIC CHEMISTRY |
| 942 |
_2ddc _cBK |
||
| 999 |
_c20485 _d20485 |
||